| LEADER 00000nam 2200000uu 4500 |
| 001 212157 |
| 003 ULIBM |
| 008 020711s2561 th a 000 0 tha d |
| 020 9786167741352
|
| 041 ^atha^beng
|
| 060 4 WB105 ว896 2561
|
| 245 เวชศาสตร์เขตเมืองเชิงประยุกต์=^bApplied urban medicine/^cบรรณาธิการ, จิระพงษ์ อังคะรา...[และคนอื่นๆ]
|
| 246 31 ^aApplied Urban Medicine
|
| 250 พิมพ์ครั้งที่ 1
|
| 260 กรุงเทพฯ :^bคณะแพทยศาสตร์วชิรพยาบาล มหาวิทยาลัยนวมินทราธิราช,^c2561
|
| 300 347 หน้า :^bภาพประกอบ ;^c25 ซม.
|
| 650 4 โรค^xการป้องกันและควบคุม
|
| 650 4 ^aการรักษาโรค
|
| 650 4 ^aการดูแลผู้ป่วย
|
| 650 4 ^aการบริหารองค์ความรู้
|
| 650 4 ^aเวชศาสตร์เขตเมือง
|
| 650 4 ^aเวชศาสตร์ชุมชน
|
| 700 0 ^aจิระพงษ์ อังคะรา,^eบรรณาธิการ
|
| 700 0 ^aสาธิต คูระทอง,^eบรรณาธิการ
|
| 700 0 ^aชาดากานต์ ผโลประการ,^eบรรณาธิการ
|
| 700 0 ^aเกรียงศักดิ์ ฟูนิลกุล,^eบรรณาธิการ
|
| 700 0 ^aปิยนันท์ เกื้อสกูล,^eบรรณาธิการ
|
| 710 2 ^aมหาวิทยาลัยนวมินทราธิราช. คณะแพทยศาสตร์วชิรพยาบาล.
|
| 856 ^zเวชศาสตร์เขตเมืองเชิงประยุกต์.pdf (สารบัญหนังสือ)^uhttp://110.164.94.213/ULIB62015//_fulltext/5/212157/20180809153821_657.pdf |
| 999 ^aใช้งานได้ทุกระบบ
|